| 000 | 00687nam a2200217 4500 | ||
|---|---|---|---|
| 999 |
_c8548 _d8548 |
||
| 001 | 8548 | ||
| 003 | BD-JhCC | ||
| 005 | 20180227113421.0 | ||
| 008 | 171107s1388 bg |||| ||a| 000 0 ben d | ||
| 035 | _a(BD-JhCC)8548 | ||
| 040 |
_aBD-JhCC _dBD-JhCC |
||
| 041 | _aben | ||
| 082 |
_a891.4435 _bROY 1388 |
||
| 100 | _aরায়, সত্যজিৎ | ||
| 245 |
_aজয় বাবা ফেলুনাথ / _cসত্যজিৎ রায় |
||
| 260 |
_aঢাকা: _bনওরোজ কিতাবিস্তান ; _c১৩৮৮ |
||
| 300 |
_a১০৩ পৃ.; _c২০ সেমি |
||
| 650 | _aDetective Stories | ||
| 942 |
_2ddc _cBK |
||